[Event "Sharjah Rapid op"]
[Site "Sharjah"]
[Date "2021.04.30"]
[Round "7.6"]
[White "Kanter, Eduard"]
[Black "Rombaua, Mariel Joseph"]
[Result "1-0"]
[WhiteElo "2384"]
[BlackElo "1782"]
[PlyCount "109"]
[EventDate "2021.04.29"]
[EventType "swiss (rapid)"]
[EventRounds "9"]
[EventCountry "UAE"]
[SourceTitle "CBM 202 Extra"]
[Source "ChessBase"]
[SourceDate "2021.07.31"]
[SourceVersion "1"]
[SourceVersionDate "2021.07.31"]
[SourceQuality "1"]

1. d4 e6 2. c4 Nf6 3. Nf3 d5 4. g3 c6 5. Bg2 Bd6 6. 0-0 0-0 7. Nc3 Nbd7 8. Nd2 dxc4 9. Nxc4 Bc7 10. b3 e5 11. Ba3 Re8 12. Nd6 Bxd6 13. Bxd6 exd4 14. Qxd4 Nb6 15. Rad1 Bg4 16. Rfe1 Bh5 17. Qh4 Bg6 18. e4 Nfd7 19. Qxd8 Raxd8 20. f3 f6 21. Rd2 Ne5 22. Red1 Rd7 23. Kf2 Red8 24. Bh3 Rxd6 25. Rxd6 Rxd6 26. Rxd6 Kf7 27. Ke2 Ke7 28. Rd1 Bh5 29. Bg2 Bf7 30. h3 h6 31. f4 Ned7 32. Ke3 Nc5 33. Ne2 a5 34. Nd4 a4 35. Rb1 axb3 36. axb3 g6 37. Bf1 Ncd7 38. b4 g5 39. Nf5+ Kd8 40. Nd6 Bg6 41. Nxb7+ Kc7 42. Nc5 Nxc5 43. bxc5 Nd7 44. Rc1 Kd8 45. Bd3 Bf7 46. Kd4 Nf8 47. Bc4 Bg6 48. Ra1 Nd7 49. Ra7 gxf4 50. gxf4 Be8 51. Be6 Ke7 52. Bxd7 Bxd7 53. e5 fxe5+ 54. Kxe5 Ke8 55. f5 1-0

[Event "Sharjah Rapid op"]
[Site "Sharjah"]
[Date "2021.04.30"]
[Round "9.12"]
[White "Razan, Alshaeby"]
[Black "Rombaua, Mariel Joseph"]
[Result "0-1"]
[WhiteElo "1711"]
[BlackElo "1782"]
[PlyCount "64"]
[EventDate "2021.04.29"]
[EventType "swiss (rapid)"]
[EventRounds "9"]
[EventCountry "UAE"]
[SourceTitle "CBM 202 Extra"]
[Source "ChessBase"]
[SourceDate "2021.07.31"]
[SourceVersion "1"]
[SourceVersionDate "2021.07.31"]
[SourceQuality "1"]

1. e4 c6 2. Nf3 d5 3. exd5 cxd5 4. Ne5 Nf6 5. d4 Nc6 6. c3 g6 7. Bd3 Bf5 8. Bxf5 gxf5 9. Qd3 e6 10. Bg5 Be7 11. Nd2 Nxe5 12. dxe5 Nd7 13. Bxe7 Qxe7 14. f4 Qc5 15. Nb3 Qb6 16. Nd4 Qxb2 17. 0-0 Nc5 18. Qe3 Ne4 19. Rfc1 Rc8 20. Rab1 Qxa2 21. Rxb7 0-0 22. Nb5 a6 23. Nd4 Qa3 24. Rb3 Qa2 25. Rb7 Rc4 26. Rb4 a5 27. Rxc4 Qxc4 28. Ra1 a4 29. Nc2 Rc8 30. Na3 Qxc3 31. Qb6 Qxa1+ 32. Nb1 Rc1# 0-1

[Event "Sharjah Rapid op"]
[Site "Sharjah"]
[Date "2021.04.29"]
[Round "4.6"]
[White "Hilwani, Talal"]
[Black "Rombaua, Mariel Joseph"]
[Result "1-0"]
[WhiteElo "2274"]
[BlackElo "1782"]
[PlyCount "65"]
[EventDate "2021.04.29"]
[EventType "swiss (rapid)"]
[EventRounds "9"]
[EventCountry "UAE"]
[SourceTitle "CBM 202 Extra"]
[Source "ChessBase"]
[SourceDate "2021.07.31"]
[SourceVersion "1"]
[SourceVersionDate "2021.07.31"]
[SourceQuality "1"]

1. Nf3 c6 2. c4 d5 3. g3 Nf6 4. Bg2 e6 5. 0-0 Bd6 6. d4 h6 7. Nc3 0-0 8. Nd2 dxc4 9. Nxc4 Bc7 10. e4 Nbd7 11. b3 e5 12. Ba3 Re8 13. d5 Nb6 14. dxc6 Qxd1 15. Rfxd1 bxc6 16. Na5 Bd7 17. Rac1 Nc8 18. Nc4 Be6 19. Bf1 Bxc4 20. Bxc4 Nb6 21. Ba6 Rad8 22. Bb7 Rd4 23. Bc5 Rxd1+ 24. Rxd1 Rd8 25. Rxd8+ Bxd8 26. Bxc6 Nfd7 27. Bxd7 Nxd7 28. Bxa7 Ba5 29. Nd5 Kf8 30. b4 Bd8 31. b5 Ke8 32. Kf1 Nf6 33. Nxf6+ 1-0